| 000 | 00681nam a2200205 u 4500 | ||
|---|---|---|---|
| 001 | 000625740 | ||
| 003 | AM-YeHGA | ||
| 005 | 20250617140229.0 | ||
| 008 | 090120s1961 ||| r 000 0 rus d | ||
| 040 | _aAM-YeHGA | ||
| 041 | 0 | _arus | |
| 245 | 0 | 0 |
_aБьем смехом : _bСатирический сборник / _cК. Афанасьев, Н. Клюев, Б. Лобанов и др. |
| 260 |
_aКалуга : _bКалужское кн. изд-во, _c1961. |
||
| 300 |
_a69 с. : _bил. |
||
| 653 | 0 | _aСатирическая литература | |
| 700 | 1 | _aАфанасьев, К. | |
| 700 | 1 | _aКлюев, Н. | |
| 700 | 1 | _aЛобанов, Б. | |
| 090 | _c217642 | ||
| 999 |
_c216119 _d216119 |
||